Robotics/ (Record no. 213537)
[ view plain ]
| 000 -LEADER | |
|---|---|
| fixed length control field | 00617nam a22002057a 4500 |
| 005 - DATE AND TIME OF LATEST TRANSACTION | |
| control field | 20250930124221.0 |
| 010 ## - LCCN (DPL NO) | |
| LC control number | ENG-146908 |
| 020 ## - INTERNATIONAL STANDARD BOOK NUMBER | |
| International Standard Book Number | 9789358706161 |
| Terms of availability | 250.00 |
| 035 ## - SYSTEM CONTROL NUMBER | |
| System control number | EN-130440 |
| 037 ## - SOURCE OF ACQUISITION | |
| Source of stock number/acquisition | DBAD |
| 082 ## - DEWEY DECIMAL CLASSIFICATION NUMBER | |
| Edition number | 1 |
| Classification number | 629.892 |
| 100 ## - MAIN ENTRY--PERSONAL NAME | |
| Personal name | Chikesh Ranjan |
| 245 ## - TITLE STATEMENT | |
| Title | Robotics/ |
| Statement of responsibility, etc | Chikesh Ranjan [and] Kaushik Kumar |
| 250 ## - EDITION STATEMENT | |
| Edition statement | 1 |
| 260 ## - PUBLICATION, DISTRIBUTION, ETC. (IMPRINT) | |
| Place of publication, distribution, etc | Uttar Pradesh |
| Name of publisher, distributor, etc | S. Chand Publishing |
| Date of publication, distribution, etc | 2025 |
| 270 ## - ADDRESS | |
| Address | D-92, Sector-2, Noida |
| City | Uttar Pradesh |
| Postal code | 201301 |
| Telephone number | 61-120-4682700 |
| 300 ## - PHYSICAL DESCRIPTION | |
| Extent | 195p. |
| Dimensions | 24cm(pb) |
| 700 ## - ADDED ENTRY--PERSONAL NAME | |
| Personal name | Kaushik Kumar |
| Relator term | Author |
| 9 (RLIN) | 85315 |
| 942 ## - ADDED ENTRY ELEMENTS (KOHA) | |
| Source of classification or shelving scheme | Dewey Decimal Classification |
| Item type | English Books |
| Classification part | 629.892 |
| Call number suffix | RAN |
| Withdrawn status | Lost status | Not for loan | Collection code | Home library | Current library | Date acquired | Source of acquisition | Cost, normal purchase price | Full call number | Barcode | Copy number | Cost, replacement price | Koha item type |
|---|---|---|---|---|---|---|---|---|---|---|---|---|---|
| Non-fiction | Central Library | Central Library | 30/09/2025 | Delivery of Books Act Division | 250.00 | 629.892 RAN | EN-130440 | 1 | 250.00 | English Books |
